Le roman de Julie Papineau; T2 L'Exil

Gorde:
Xehetasun bibliografikoak
Egile nagusia: Micheline Lachange
Formatua: Liburua
Hizkuntza:Undetermined
Argitaratua: Canada Québec 1999
Gaiak:
Etiketak: Etiketa erantsi
Etiketarik gabe, Izan zaitez lehena erregistro honi etiketa jartzen!
Thư viện lưu trữ: Trung tâm Học liệu Trường Đại học Cần Thơ
LEADER 00550nam a2200193Ia 4500
001 CTU_41281
008 210402s9999 xx 000 0 und d
082 |a 843.54 
082 |b L132/T2 
100 |a Micheline Lachange 
245 0 |a Le roman de Julie Papineau; T2 
245 0 |b L'Exil 
245 0 |c Micheline Lachange 
260 |a Canada 
260 |b Québec 
260 |c 1999 
650 |a canadian fiction - 20th century ( french ) 
904 |i Nguyễn Quang Điền, 010517 
980 |a Trung tâm Học liệu Trường Đại học Cần Thơ